Christianity's dangerous idea : (Record no. 54719)
[ view plain ]
| 000 -LEADER | |
|---|---|
| fixed length control field | 01622nam a22001697a 4500 |
| 008 - FIXED-LENGTH DATA ELEMENTS--GENERAL INFORMATION | |
| fixed length control field | 190815b ||||| |||| 00| 0 eng d |
| 020 ## - INTERNATIONAL STANDARD BOOK NUMBER | |
| International Standard Book Number | 9780281059683 |
| 050 ## - LIBRARY OF CONGRESS CALL NUMBER | |
| Classification number | BX4805.3 |
| Item number | .M34 2007 |
| 100 ## - MAIN ENTRY--PERSONAL NAME | |
| Personal name | McGrath, Alister E., 1953- |
| 245 ## - TITLE STATEMENT | |
| Title | Christianity's dangerous idea : |
| Remainder of title | the Protestant revolution -- a history from the sixteenth century to the twenty- first / |
| Statement of responsibility, etc | Alister E. McGrath |
| 260 ## - PUBLICATION, DISTRIBUTION, ETC. (IMPRINT) | |
| Place of publication, distribution, etc | New York : |
| Name of publisher, distributor, etc | HarperOne, |
| Date of publication, distribution, etc | 2007 |
| 300 ## - PHYSICAL DESCRIPTION | |
| Extent | viii, 552 p. : |
| Other physical details | ill. ; |
| Dimensions | 24 cm |
| 500 ## - GENERAL NOTE | |
| General note | Includes bibliographical references and index |
| 505 ## - FORMATTED CONTENTS NOTE | |
| Formatted contents note | 505 0 The gathering storm -- The accidental revolutionary : <br/> Martin Luther -- Alternatives to Luther : the <br/> diversification of the Reformation -- The shift in power :<br/> Calvin and Geneva -- England : the emergence of <br/> Anglicanism -- War, peace, and disinterest : European <br/> Protestantism in crisis, 1560-1800 -- Protestantism in <br/> America -- The nineteenth century : the global expansion <br/> of Protestantism -- The Bible and Protestantism -- <br/> Believing and belonging : some distinctive protestant <br/> beliefs -- The structures of faith : organization, worship,<br/> and preaching -- Protestantism and the shaping of western <br/> culture -- Protestantism, the arts, and the natural <br/> sciences -- The changing shape of American Protestantism -<br/> - Tongues of fire : the Pentecostal revolution in <br/> Protestantism -- The new frontiers of Protestantism : the <br/> global South -- Protestantism : the next generation <br/> |
| 650 ## - SUBJECT ADDED ENTRY--TOPICAL TERM | |
| Topical term or geographic name as entry element | Protestantism |
| General subdivision | History |
| 942 ## - ADDED ENTRY ELEMENTS (KOHA) | |
| Source of classification or shelving scheme | Library of Congress Classification |
| Item type | Book |
| Withdrawn status | Lost status | Source of classification or shelving scheme | Damaged status | Not for loan | Collection code | Home library | Current library | Shelving location | Date acquired | Source of acquisition | Cost, normal purchase price | Total Checkouts | Full call number | Barcode | Copy number | Price effective from | Koha item type | Date last seen | Date last borrowed |
|---|---|---|---|---|---|---|---|---|---|---|---|---|---|---|---|---|---|---|---|
| Library of Congress Classification | Non-fiction | Bishop Okullu Memorial Library (Limuru Campus) | Bishop Okullu Memorial Library (Limuru Campus) | General Circulation | 15/08/2019 | Donations - TBN | 3329.00 | BX4805.3 .M34 2007 | 062271 | 1 | 15/08/2019 | Book | |||||||
| Library of Congress Classification | Non-fiction | Bishop Okullu Memorial Library (Limuru Campus) | Bishop Okullu Memorial Library (Limuru Campus) | General Circulation | 20/02/2020 | Donations - TBN | 3329.00 | 1 | BX4805.3 .M34 2007 | 063881 | 4 | 20/02/2020 | Book | 03/10/2024 | 01/10/2024 | ||||
| Library of Congress Classification | Non-fiction | Bishop Okullu Memorial Library (Limuru Campus) | Bishop Okullu Memorial Library (Limuru Campus) | General Circulation | 24/03/2021 | Donations TBN | 3329.00 | BX4805.3 .M34 2007 | 065424 | 6 | 24/03/2021 | Book | |||||||
| Library of Congress Classification | Non-fiction | Joshua & Timothy School of Theology Library (JTSOT) | Joshua & Timothy School of Theology Library (JTSOT) | General Circulation | 06/09/2021 | Donations TBN | 3329.00 | BX4805.3 .M34 2007 | 066672 | 7 | 06/09/2021 | Book | |||||||
| Library of Congress Classification | Non-fiction | Joshua & Timothy School of Theology Library (JTSOT) | Joshua & Timothy School of Theology Library (JTSOT) | General Circulation | 06/09/2021 | Donations TBN | 3329.00 | BX4805.3 .M34 2007 | 066673 | 8 | 06/09/2021 | Book | |||||||
| Library of Congress Classification | Non-fiction | Nairobi Campus | Nairobi Campus | General Circulation | 28/08/2019 | Donations - TBN | 3329.00 | BX4805.3 .M34 2007 | 062495 | 2 | 28/08/2019 | Book | |||||||
| Library of Congress Classification | Non-fiction | Nairobi Campus | Nairobi Campus | General Circulation | 10/09/2020 | Donation TBN | 3329.00 | BX4805.3 .M34 2007 | 064257 | 5 | 10/09/2020 | Book | |||||||
| Library of Congress Classification | Non-fiction | Nakuru Campus | Nakuru Campus | General Circulation | 28/08/2019 | Donations - TBN | 3329.00 | BX4805.3 .M34 2007 | 062496 | 3 | 28/08/2019 | Book |